Wien Katastralgemeinden - Statistics

General Stats
  • This quiz has been taken 12 times
  • The average score is 39 of 89
Answers on the Map
Answers color-coded by a green-red scale on the quiz's map according to % correct below.
 
Answer Stats
Answer % Correct
Floridsdorf
91%
Innere Stadt
91%
Wieden
91%
Alsergrund
82%
Landstraße
82%
Leopoldstadt
82%
Liesing
82%
Neubau
82%
Ottakring
82%
Favoriten
73%
Hernals
73%
Hütteldorf
73%
Josefstadt
73%
Mariahilf
73%
Penzing
73%
Simmering
73%
Aspern
64%
Brigittenau
64%
Heiligenstadt
64%
Meidling
64%
Ober St. Veit
64%
Siebenhirten
64%
Stadlau
64%
Stammersdorf
64%
Unter St. Veit
64%
Währing
64%
Eßling
55%
Hietzing
55%
Kaisermühlen
55%
Lainz
55%
Leopoldau
55%
Nußdorf
55%
Rodaun
55%
Rudolfsheim
55%
Schönbrunn
55%
Strebersdorf
55%
Fünfhaus
45%
Grinzing
45%
Inzersdorf
45%
Kagran
45%
Mauer
45%
Oberdöbling
45%
Süßenbrunn
45%
Atzgersdorf
36%
Breitenlee
36%
Breitensee
36%
Dornbach
36%
Erlaa
36%
Hirschstetten
36%
Jedlesee
36%
Kaiserebersdorf
36%
Kalksburg
36%
Neustift am Walde
36%
Neuwaldegg
36%
Rothneusiedl
36%
Sechshaus
36%
Speising
36%
Unterdöbling
36%
Albern
27%
Auhof
27%
Hacking
27%
Hetzendorf
27%
Kahlenbergerdorf
27%
Margarethen
27%
Neulerchenfeld
27%
Pötzleinsdorf
27%
Salmannsdorf
27%
Schwarze Lackenau
27%
Unterlaa
27%
Altmannsdorf
18%
Donaufeld
18%
Gaudenzdorf
18%
Großjedlersdorf I
18%
Großjedlersdorf II
18%
Hadersdorf
18%
Josefsdorf
18%
Landjägermeisteramt
18%
Obersievering
18%
Untersievering
18%
Weinhaus
18%
Gersthof
9%
Kaiserebersdorf Herrschaft
9%
Oberbaumgarten
9%
Oberlaa Land
9%
Oberlaa Stadt
9%
Rosenberg
9%
Unterbaumgarten
9%
Weidlingau
9%
Inzersdorf Stadt
0%
No matching quizzes found
Score Distribution
Percent of People with Each Score
Percentile by Number Answered
Your Score History
You have not taken this quiz